000 00586cam a22002053a 4500
001 33581
003 PGUSA
005 20140828083727.0
008 100830s2010||||xxu|||||s|||||000 | eng d
040 _aPGUSA
_beng
042 _adc
100 1 _aPimentel, Alberto,
_d1849-1925
245 1 0 _aVinte Annos de Vida Litteraria
_h[electronic resource] /
_cAlberto Pimentel
260 _bProject Gutenberg,
_c2010
506 _aPublic domain in the USA.
516 _aElectronic text
830 0 _aProject Gutenberg
_v33581
856 4 0 _uhttp://www.gutenberg.org/ebooks/33581
942 _cEB
999 _c262836
_d262836